Normal view
MARC view
- Nakhjiri, Mahsa
Entry Personal Name
001 - CONTROL NUMBER
- control field: 109473
003 - CONTROL NUMBER IDENTIFIER
- control field: NUST
005 - DATE AND TIME OF LATEST TRANSACTION
- control field: 20230222124238.0
008 - FIXED-LENGTH DATA ELEMENTS
- fixed length control field: 230222|| aca||aabn | a|a d
040 ## - CATALOGING SOURCE
- Original cataloging agency: NUST
- Transcribing agency: NUST
100 ## - HEADING--PERSONAL NAME
- Personal name: Nakhjiri, Mahsa
670 ## - SOURCE DATA FOUND
- Source citation: Work cat.: (NUST)175302: Nakhjiri, Madjid. 109471, AAA and network security for mobile access :, c2005.
